| 000 | 00950 a2200193 4500 | ||
|---|---|---|---|
| 003 | Nust | ||
| 005 | 20230223172621.0 | ||
| 040 | _cNust | ||
| 082 | _a515.63,WEA | ||
| 100 |
_aWeatherburn C.E _939307 |
||
| 245 |
_aElementary Vector Analysis with application to geometry and mechanics / _cWeatherburn C.E |
||
| 250 | _anew and revised edition | ||
| 260 |
_aLondon _bG.Bell _c1960 |
||
| 300 | _a181p | ||
| 505 | _aAddition and Subtraction of Vectors Centroids (Page-9), Further Geometrical Applications (Page-33), Productions Two Vectors Applications (Page-45), Products of Three or Four Vectors Applications (Page-70), Differentiation and Integration of Vectors Curvature and Torsion of Curves (Page-90), Kinematics and Dynamics of a Particle (Page-110), Dynamics of a System of Particles and of a Rigid Body (Page-133), Statics of a Rigid Body (Page-158). | ||
| 600 |
_aC.E. Weatherburn _9102677 |
||
| 650 | _aVector Analysis | ||
| 942 |
_2ddc _cBK |
||
| 999 |
_c182026 _d182026 |
||